<?xml version="1.0" encoding="UTF-8"?>
<collection xmlns="http://www.loc.gov/MARC21/slim">
 <record>
  <leader>00640cam a2200181 7i4500</leader>
  <controlfield tag="001">0000019493</controlfield>
  <controlfield tag="005">20030114090000.0</controlfield>
  <datafield tag="020" ind1="#" ind2="0">
   <subfield code="a">0632057548 </subfield>
  </datafield>
  <datafield tag="090" ind1="0" ind2="0">
   <subfield code="a">QL 639.5 </subfield>
   <subfield code="b">L933</subfield>
  </datafield>
  <datafield tag="100" ind1="1" ind2="#">
   <subfield code="a">Lucas </subfield>
  </datafield>
  <datafield tag="245" ind1="1" ind2="0">
   <subfield code="a">Migration of freshwater fishes  </subfield>
   <subfield code="c">Martyn C. Lucas and Baras Etienne.</subfield>
  </datafield>
  <datafield tag="260" ind1="#" ind2="#">
   <subfield code="a">London: </subfield>
   <subfield code="b">Blackwell Science Ltd., </subfield>
   <subfield code="c">2001.</subfield>
  </datafield>
  <datafield tag="300" ind1="#" ind2="#">
   <subfield code="a">xvii, 420 p.: </subfield>
   <subfield code="b">ill.; </subfield>
   <subfield code="c">25 cm..</subfield>
  </datafield>
  <datafield tag="504" ind1="0" ind2="0">
   <subfield code="a">Includes bibliographical references (p. [314]-392) and indexes.</subfield>
  </datafield>
  <datafield tag="650" ind1="0" ind2="0">
   <subfield code="a">Freshwater fishes -- </subfield>
   <subfield code="x">Migration </subfield>
  </datafield>
  <datafield tag="700" ind1="1" ind2="1">
   <subfield code="a">Baras, </subfield>
   <subfield code="h">Etienne </subfield>
  </datafield>
  <datafield tag="999" ind1=" " ind2=" ">
   <subfield code="a">1100012466</subfield>
   <subfield code="b">Book</subfield>
   <subfield code="c">Open Shelf</subfield>
   <subfield code="e">KOLEKSI TERBUKA</subfield>
  </datafield>
  <datafield tag="999" ind1=" " ind2=" ">
   <subfield code="a">1100006373</subfield>
   <subfield code="b">Book</subfield>
   <subfield code="c">Open Shelf</subfield>
   <subfield code="e">KOLEKSI TERBUKA</subfield>
  </datafield>
 </record>
</collection>
